000 00651cab a2200229 4500
001 ABS55093
008 090401t1996 xxu||||| |||| 00| 0 eng d
035 _a(Sirsi) u14140
041 _aeng
100 _aCalpin, D.
245 4 _aThe road ahead?
260 _c1996
350 _a0
490 _aMunicipal Journal
_v3 May 1996, 15(1)
520 _aLooks at the call in the Transport Green Paper for more local authority involvement in transport policies.
650 _aInfrastructure
_96246
650 _aLOCAL AUTHORITIES
650 _aTRANSPORT GREEN PAPER
690 _aTRANSPORT AND COMMUNICATIONS
942 _n0
948 _c04/03/1997
999 _c9177
_d9177